Capitais que Começam com C - Statistics

Estatísticas Gerais
  • Esse quiz foi jogado 94 vezes
  • A pontuação média é 3 de 7
Estatísticas das Respostas
Resposta % Correto
Caracas
78%
Cairo
60%
Canberra
47%
Copenhague
47%
Conacri
40%
Castries
38%
Chisinau
22%
Nenhum quiz correspondente encontrado
Distribuição das Pontuações
Porcentagem de Pessoas com Cada Pontuação
Percentil de Números Respondidos
Sua Pontuação Histórica
Você não jogou esse quiz